مصر في القرن الرابع : اميانوس ماركيلينوس في مصر / Miṣr fī al-qarn al-rābiʻ : Imyānūs Markīlīnūs fī Miṣr
محفوظ في:
المؤلف الرئيسي:
التنسيق: كتاب
اللغة: Undetermined
منشور في:
Miṣr
Maktabat al-Anjlū Miṣrīyah
1956
الوسوم: إضافة وسم
لا توجد وسوم, كن أول من يضع وسما على هذه التسجيلة!
رقم الطلب: H20 KAMI
| LEADER | 00459nam a2200121Ia 4500 | ||
|---|---|---|---|
| 008 | 240404s9999||||xx |||||||||||||| ||und|| | ||
| 050 | 4 | |a H20 KAMI | |
| 100 | 1 | |a Wahīb Kāmil. | |
| 245 | 1 | 0 | |a مصر في القرن الرابع : اميانوس ماركيلينوس في مصر / Miṣr fī al-qarn al-rābiʻ : Imyānūs Markīlīnūs fī Miṣr |c Wahīb Kāmil |
| 264 | 1 | |a Miṣr |b Maktabat al-Anjlū Miṣrīyah |c 1956 | |
| 300 | |a 104 |c 21 | ||
| 942 | |2 lcc |c BK | ||
| 999 | |c 58121 |d 58121 | ||
